| 000 | 00564nam a22002057a 4500 | ||
|---|---|---|---|
| 003 | OSt | ||
| 005 | 20140310182948.0 | ||
| 008 | 130205t xxu||||| |||| 00| 0 eng d | ||
| 020 | _a9710605720 | ||
| 050 |
_aLA 11 _b.D84 1999 |
||
| 100 | _aDuka, Cecilio D. | ||
| 245 |
_aHistorical, philosophical, and legal foundations of education / _cCecilio D. Duka. |
||
| 260 |
_aQuezon City : _bPhoenix Pub. House, _c1999. |
||
| 300 |
_a144 p. : _b ill. ; _c26 cm. |
||
| 521 | _aEDU | ||
| 526 | _c1210L-1700L | ||
| 562 | _e1 | ||
| 942 |
_2lcc _cBK _kLOC |
||
| 999 |
_c17850 _d17850 |
||